000 00259nam a2200085Ia 4500
008 170620s9999 xx 000 0 und d
100 _aGanihar- Noorjehan N.
245 0 _aTotal Quality culture in Teacher Training Colleges
260 _bNew Delhi- Discovery Publishing House
260 _c2004
999 _c24623
_d24623